เปลี่ยนเป็นภาษาไทย

Change to English
 แสดงรายละเอียดบรรณานุกรม
  กลับหน้าหลัก

Brief Record : Get Marc (ISO 2709) : E-mail record : QR code กลับ
E-books : เกี่ยวกับ Collections
LEADER 00000nam a2200000 a 4500
001    13399128824
003     BCNR
008    210223s2567 th a b 001 0 tha d
020    ^a9786165771634
041    ^atha
060 04 ^aWT101^bส783ค 2567
100 0  ^aสุธรรม นันทมงคลชัย
245 10 ^aครอบครัวกับการส่งเสริมสุขภาพผู้สูงอายุ /^cสุธรรม นันทมงคลชัย
246 31 ^aFamily and ageing health promotion
250    ^aพิมพ์ครั้งที่ 3
260    ^aกรุงเทพฯ :^bคณะสาธารณสุขศาสตร์ มหาวิทยาลัยมหิดล,^c2567
300    ^a[9], 228 หน้า :^bภาพประกอบ ;^c26 ซม.
504    ^aมีบรรณานุกรมและดัชนี
505 0  ^aบทที่ 1 แนวคิดเกี่ยวกับครอบครัว -- บทที่ 2 แนวคิดและทฤษฎีที่เกี่ยวข้องกับความสูงอายุ -- บทที่ 3 สถานการณ์ แนวโน้มการเปลี่ยนแปลงและลักษณะของผู้สูงอายุไทย -- บทที่ 4 ครอบครัวกับการส่งเสริมความรู้สึกมีคุณค่าในตนเองของผู้สูงอายุ -- บทที่ 5 ครอบครัวกับการส่งเสริมความสุขในผู้สูงอายุ -- บทที่ 6 ครอบครัวกับการส่งเสริมคุณภาพชีวิตผู้สูงอายุ -- บทที่ 7 ครอบครัวกับแรงสนับสนุนทางสังคมในผู้สูงอายุ -- บทที่ 8 ครอบครัวกับการส่งเสริมสุขภาพจิตผู้สูงอายุ -- บทที่ 9 ครอบครัวกับการดูแลผู้สูงอายุที่มีภาวะสมองเสื่อม -- บทที่ 10 ครอบครัวกับการป้องกันการหกล้มในผู้สูงอายุ -- บทที่ 11 บทบาทครอบครัวในการดูแลผู้สูงอายุกลุ่มติดบ้าน ติดเตียง -- บทที่ 12 การเตรียมตัวของครอบครัวในการดูแลผู้สูงอายุระยะยาว -- บทที่ 13 ครอบครัวกับการส่งเสริมการประสบความสำเร็จในชีวิตผู้สูงอายุ -- บทที่ 14 บทสรุปและข้อเสนอแนะ
650  4 ^aผู้สูงอายุ^xการดูแลและสุขวิทยา
650  4 ^aการส่งเสริมสุขภาพ^xในวัยชรา
650  4 ^aบริการสุขภาพ
650  4 ^aครอบครัว
650  4 ^aอนามัยครอบครัว
710 2  ^aมหาวิทยาลัยมหิดล. ^bคณะสาธารณสุขศาสตร์
999    ^aบรรณารักษ์
รายการนี้ยังไม่มีแท็ก
คุณยังไม่ได้ล็อกอิน คุณสามารถมีกิจกรรมร่วมกับเว็บไซต์ได้ แต่ต้องล็อกอินก่อน ::
  ล็อกอิน
ลำดับที่ ประเภท เลขเรียก/บาร์โค้ด สถานที่ สถานะ
1. หนังสือ
หนังสือ
WT101 ส783ค 2567 c.1 
  Barcode: 088059
ห้องสมุดสาขาหลัก
►หนังสือทั่วไป
On Shelf
*เพิ่งรับคืน
2. หนังสือ
หนังสือ
WT101 ส783ค 2567 c.2 
  Barcode: 088060
ห้องสมุดสาขาหลัก
►หนังสือทั่วไป
On Shelf
*เพิ่งรับคืน
3. หนังสือ
หนังสือ
WT101 ส783ค 2567 c.3 
  Barcode: 088061
ห้องสมุดสาขาหลัก
►หนังสือทั่วไป
On Shelf
*เพิ่งรับคืน
   [แสดง 3/3 รายการ]

รายการใกล้เคียง
    ผู้แต่ง [สุธรรม นันทมงคลชัย]

    หัวเรื่อง [บริการสุขภาพ]
    หัวเรื่อง [ครอบครัว]
    หัวเรื่อง [อนามัยครอบครัว]

BibComment


ยังไม่เคยถูกคอมเมนท์

คอมเมนท์ทรัพยากรรายการนี้
  คอมเมนท์: ครอบครัวกับการส่..
Bib 13399128824

 
 
 

 Union Library Management : ULibM
Copyright 2026. All Rights Reserved.